000 00402nam a22001697a 4500
005 20180802153211.0
008 160622b xxu||||| |||| 00| 0 eng d
020 _a978-0-07-066020-5
041 _aeng
082 _b9171
_a658.3
100 _aAswathappa. K.
_94701
245 _aHuman Resource Management
260 _bTMH
_c2008
_adelhi
300 _a697p,
650 _aManagement
_9241
942 _cBK
999 _c3536
_d3535